[Event "Matanzas Jaguey Cup"]
[Site "Matanzas"]
[Date "2008.02.20"]
[Round "8"]
[White "Gomez Garrido, Camilo Ernesto"]
[Black "Raul, Torres Guas"]
[Result "1-0"]
[WhiteElo "2385"]
[BlackElo "2220"]
[PlyCount "89"]
[EventDate "2008.02.16"]
[EventType "tourn"]
[EventRounds "14"]
[EventCountry "CUB"]
[EventCategory "2"]
[SourceTitle "CBM 123 Extra"]
[Source "ChessBase"]
[SourceDate "2008.05.06"]
[SourceVersion "1"]
[SourceVersionDate "2008.05.06"]
[SourceQuality "1"]

1. c4 Nf6 2. Nc3 g6 3. Nf3 Bg7 4. g3 0-0 5. Bg2 d6 6. 0-0 e5 7. d3 Nc6 8. Rb1 h6 9. b4 Be6 10. b5 Ne7 11. Ba3 Nd7 12. Nd2 Rb8 13. Nd5 Bxd5 14. cxd5 Nb6 15. Qb3 f5 16. Rfc1 Rf7 17. Nc4 Kh7 18. Nxb6 axb6 19. Rc4 Ng8 20. Rbc1 Nf6 21. Bb2 Ne8 22. Qb4 Ra8 23. a3 Qd7 24. Bh3 Ra5 25. a4 Qe7 26. Qd2 h5 27. e3 Bh6 28. f4 Bg7 29. e4 fxe4 30. Rxe4 Nf6 31. Ree1 Nxd5 32. Qg2 Nb4 33. Qe4 c5 34. bxc6 Nxc6 35. f5 gxf5 36. Bxf5+ Kh8 37. Bg6 Rf8 38. Bc3 Raa8 39. Bxh5 Rad8 40. Qg4 Bh6 41. Rc2 d5 42. Bb2 Rg8 43. Qh3 Rgf8 44. Rxc6 bxc6 45. Rxe5 1-0

[Event "Matanzas Jaguey Cup"]
[Site "Matanzas"]
[Date "2008.02.20"]
[Round "7"]
[White "Gonzalez Mesa, Daniel"]
[Black "Raul, Torres Guas"]
[Result "1-0"]
[WhiteElo "2168"]
[BlackElo "2220"]
[PlyCount "61"]
[EventDate "2008.02.16"]
[EventType "tourn"]
[EventRounds "14"]
[EventCountry "CUB"]
[EventCategory "2"]
[SourceTitle "CBM 123 Extra"]
[Source "ChessBase"]
[SourceDate "2008.05.06"]
[SourceVersion "1"]
[SourceVersionDate "2008.05.06"]
[SourceQuality "1"]

1. d4 Nf6 2. c4 c5 3. d5 d6 4. Nc3 g6 5. e4 Bg7 6. Bf4 0-0 7. Qd2 a6 8. Nf3 Bd7 9. Bh6 Qa5 10. Bxg7 Kxg7 11. e5 dxe5 12. Nxe5 Bf5 13. Be2 Nbd7 14. f4 Qc7 15. g4 Be4 16. Rf1 Nxe5 17. fxe5 Qxe5 18. Qf4 Qxf4 19. Rxf4 Bg2 20. Kf2 g5 21. Rf5 Be4 22. Rxf6 exf6 23. Nxe4 b6 24. Nd6 Rad8 25. Nf5+ Kg6 26. Bd3 h5 27. Ng3+ Kh6 28. Nxh5 Rfe8 29. Nxf6 Re5 30. Bf5 Rd6 31. Ne4 1-0